Grandeurs et unités - Statistiques

Statistiques générales
  • Ce quiz a été pris 41 fois
  • Le résultat moyen est 72 sur 106
Statistiques - réponses
Question Tuile Select % Correct
Quelles sont les 7 grandeurs du système international ? L'accélération Non
97%
Retrouver les 7 unités du Système international gy Non
92%
Retrouver les 7 unités du Système international Cu Non
89%
Quelles sont les 7 grandeurs du système international ? La durée Oui
89%
Quelles sont les 7 grandeurs du système international ? La masse Oui
89%
Retrouver les 7 unités du Système international mmHg Non
89%
Retrouver les 7 unités du Système international Sv Non
89%
Retrouver les 7 unités du Système international Ba Non
87%
Retrouver les 7 unités du Système international F Non
87%
Quelles sont les 7 grandeurs du système international ? La longueur/distance Oui
87%
Retrouver les 7 unités du Système international T Non
87%
Quelles unités peuvent exprimer une vitesse ? dac.s^-3 Non
84%
Quelles unités peuvent exprimer la masse ? g Oui
84%
Retrouver les 7 unités du Système international h Non
84%
Quelles unités peuvent exprimer la masse ? kg Oui
84%
Quelles unités peuvent exprimer la masse ? km Non
84%
Quelles sont les 7 grandeurs du système international ? La puissance Non
84%
Quelles unités peuvent exprimer la masse ? mm Non
84%
Retrouver les 7 unités du Système international C Non
82%
Retrouver les 7 unités du Système international °F Non
82%
Quelles unités sont liées aux mesures électriques ? kg Non
82%
Quelle est la ou les bonne(s) unité(s) de l'accélération ? kg^-1.m.s^-2 Non
82%
Quelle est la ou les bonne(s) unité(s) de l'accélération ? kg.m^-2.s^-2 Non
82%
Quelles unités peuvent exprimer la masse ? l Non
82%
Quelles sont les 7 grandeurs du système international ? La charge Non
82%
Quelles sont les 7 grandeurs du système international ? La température Oui
82%
Quelles unités peuvent exprimer la masse ? m Non
82%
Quelles unités sont liées aux mesures électriques ? m Non
82%
Quelles unités sont liées aux mesures électriques ? mol Non
82%
Quelles unité concernent une mesure de la radioactivité ? E Non
79%
Quelles unité concernent une mesure de la radioactivité ? F Non
79%
Quelles unités peuvent exprimer la masse ? kg.cm^-2 Non
79%
Quelles unités peuvent exprimer une vitesse ? km/h Oui
79%
Quelles unité concernent une mesure de la radioactivité ? m Non
79%
Quelles unités sont liées aux mesures électriques ? N Non
79%
Quelles unités sont liées aux mesures électriques ? Pa Non
79%
Quelles unité concernent une mesure de la radioactivité ? T Non
79%
Retrouver les 7 unités du Système international Ω Non
76%
Quelle est la ou les bonne(s) unité(s) de l'accélération ? Kg.m.s^-2 Non
76%
Quelles sont les 7 grandeurs du système international ? La fréquence Non
76%
Quelles unités peuvent exprimer une vitesse ? m/s Oui
76%
Retrouver les 7 unités du Système international V Non
76%
Quelle est la ou les dimension(s) de la force ? A Non
74%
Retrouver les 7 unités du Système international Bq Non
74%
Quelles unité concernent une mesure de la radioactivité ? C Non
74%
Quelles sont les 7 grandeurs du système international ? L'activité radioactive Non
74%
Quelles sont les 7 grandeurs du système international ? La vitesse Non
74%
Quelles sont les 7 grandeurs du système international ? L'énergie Non
74%
Quelles unités peuvent exprimer une vitesse ? m/h Oui
74%
Quelles unités peuvent exprimer une vitesse ? mm.s^-2 Non
74%
Quelles unités peuvent exprimer une vitesse ? m.s Non
74%
Quelles unités peuvent exprimer une vitesse ? om/s Non
74%
Quelles unités sont liées aux mesures électriques ? T Non
74%
Quelles unités sont liées aux mesures électriques ? Ω Oui
71%
Quelles unités sont liées aux mesures électriques ? A Oui
71%
Retrouver les 7 unités du Système international °C Non
71%
Quelle est la formule d'une force d'ailleurs ? G=m1.m2/r^2 Non
71%
Retrouver les 7 unités du Système international Hz Non
71%
Quelle est la ou les bonne(s) unité(s) de l'accélération ? km/h Non
71%
Quelle est la ou les bonne(s) unité(s) de l'accélération ? m.s^-2 Oui
71%
Quelles unités peuvent exprimer la masse ? ng Oui
71%
Quelle est la formule d'une force d'ailleurs ? F=h.V Non
68%
Quelle est la ou les dimension(s) de la force ? KM/H^2 Non
68%
Quelle est la formule d'une force d'ailleurs ? N=2m^2.A Non
68%
Retrouver les 7 unités du Système international Pa Non
68%
Quelle est la formule d'une force d'ailleurs ? Pa=m.g Non
68%
Quelle est la ou les dimension(s) de la force ? T Non
68%
Quelle est la formule d'une force d'ailleurs ? E=MC^2 Non
66%
Retrouver les 7 unités du Système international m Oui
66%
Quelle est la ou les dimension(s) de la force ? M.A Non
66%
Quelle est la ou les dimension(s) de la force ? MxLxS^-2 Non
66%
Retrouver les 7 unités du Système international N Non
66%
Quelles unités peuvent exprimer la masse ? pg Oui
66%
Quelles unités sont liées aux mesures électriques ? V Oui
66%
Quelles unités peuvent exprimer la masse ? cg Oui
63%
Quelles sont les 7 grandeurs du système international ? La force Non
63%
Quelles sont les 7 grandeurs du système international ? L'intensité électrique Oui
63%
Quelles unités peuvent exprimer une vitesse ? m.s^-1 Oui
63%
Retrouver les 7 unités du Système international g Non
61%
Quelles unités peuvent exprimer une vitesse ? km.s^-1 Oui
61%
Retrouver les 7 unités du Système international s Oui
61%
Retrouver les 7 unités du Système international °K Oui
58%
Quelles sont les 7 grandeurs du système international ? L'intensité lumineuse Oui
58%
Quelle est la formule d'une force d'ailleurs ? N=m.A Non
58%
Quelles unité concernent une mesure de la radioactivité ? Bq Oui
55%
Quelle est la ou les dimension(s) de la force ? G Non
55%
Quelle est la ou les dimension(s) de la force ? F Non
53%
Retrouver les 7 unités du Système international kg Oui
53%
Quelle est la ou les bonne(s) unité(s) de l'accélération ? km.s^-2 Oui
53%
Retrouver les 7 unités du Système international mol Oui
53%
Quelles unité concernent une mesure de la radioactivité ? µSv Oui
53%
Retrouver les 7 unités du Système international A Oui
50%
Quelles unités peuvent exprimer la masse ? t Oui
50%
Quelle est la formule d'une force d'ailleurs ? F=g.m Non
45%
Quelles unités sont liées aux mesures électriques ? kW.h^-1 Oui
42%
Quelles sont les 7 grandeurs du système international ? La quantité de matière Oui
42%
Quelle est la formule d'une force d'ailleurs ? F=m.A Oui
32%
Quelles unités peuvent exprimer la masse ? q Oui
32%
Retrouver les 7 unités du Système international cd Oui
29%
Quelle est la ou les dimension(s) de la force ? M.L.T^-2 Oui
29%
Quelles unités sont liées aux mesures électriques ? C Oui
26%
Quelles unité concernent une mesure de la radioactivité ? Cu Oui
21%
Quelles unités sont liées aux mesures électriques ? F Oui
21%
Quelles unité concernent une mesure de la radioactivité ? gy Oui
21%
Quelle est la ou les dimension(s) de la force ? ML/T^2 Oui
21%
Quelle est la formule d'une force d'ailleurs ? F=m.l/t^2 Oui
11%
Aucun quiz correspondant
Distribution des résultats
% des personnes avec chaque résultat
Percentile par nombre de réponses
Votre historique - résultats
Vous n’avez pas pris ce quiz